Why people protest : (Record no. 164199)

MARC details
000 -LEADER
fixed length control field 00681nam a2200205 4500
005 - DATE AND TIME OF LATEST TRANSACTION
control field 20190513174329.0
010 ## - LCCN (DPL NO)
LC control number ENG-125163
020 ## - INTERNATIONAL STANDARD BOOK NUMBER
International Standard Book Number 9788123021201
Terms of availability 255.00
035 ## - SYSTEM CONTROL NUMBER
System control number EN-108695
037 ## - SOURCE OF ACQUISITION
Source of stock number/acquisition DBAD/PUB
082 ## - DEWEY DECIMAL CLASSIFICATION NUMBER
Classification number 363.709
100 ## - MAIN ENTRY--PERSONAL NAME
Personal name Sharma, Subhash
245 ## - TITLE STATEMENT
Title Why people protest :
Remainder of title an analysis of ecological movements/
Statement of responsibility, etc by Subhash Sharma
250 ## - EDITION STATEMENT
Edition statement 2nd ed.
260 ## - PUBLICATION, DISTRIBUTION, ETC. (IMPRINT)
Place of publication, distribution, etc New Delhi
Name of publisher, distributor, etc Publications Division
Date of publication, distribution, etc 2016
270 ## - ADDRESS
Address Ministry of information and broadcasting, Govt of India, CGO complex
City New Delhi
Postal code 110003
300 ## - PHYSICAL DESCRIPTION
Extent xiv,240p.
Dimensions 25cm(Hb)
500 ## - GENERAL NOTE
General note Includes bibliographical and index
942 ## - ADDED ENTRY ELEMENTS (KOHA)
Source of classification or shelving scheme Dewey Decimal Classification
Item type English Books
Classification part 363.709
Call number suffix SHA
Holdings
Withdrawn status Lost status Not for loan Collection code Home library Current library Date acquired Source of acquisition Cost, normal purchase price Full call number Barcode Copy number Cost, replacement price Koha item type
    Not For Loan Non-fiction D.B.Act.Division Central Library 13/05/2019 DBAD/PUB 255.00 363.709 SHA EN-108695 1 255.00 English Books

© Delhi Public Library
Hit Counter
free hit counter